000 00745 a2200193 4500
003 Nust
005 20221201121824.0
010 _a 80024416
020 _a0471059900
040 _cNust
082 0 0 _a534,TEM
100 1 _aTemkin, Samuel,
_9103895
245 1 0 _aElements of acoustics /
_cSamuel Temkin.
260 _aNew York :
_bWiley,
_cc1981.
300 _axii, 515 p. :
_bill. ;
_c24 cm.
505 _aBasic Fluid Mechanics and Thermodynamics (Page-1), Basic Properties of Acoustic Waves (Page-33), Reflection and Transmission Phenomena (Page-77), Spherical and Cylindrical Waves (Page-199), Sound Emission (Page-269), Sound Absorption (Page-367), Bibliography (Page-478).
650 0 _aSound-waves.
_9619
942 _2ddc
_cBK
_k534,TEM
999 _c184064
_d184064